00515nam a2200145 a 450000100100000000500170001000800410002704000250006810000280009324500650012126000380018630000230022495201050024799900170035200003865120201002031326.0130417s1947 dr 000 0 spa d aDO-SdBNPbspacBNPHU1 aAtuesta, Gustavo96498213aEl huracan rojo y un mundo que despierta /cGustavo Atuesta. c[Santo Domingo] :bCahur ,c1947. a188 p. : ;c24 cm. 0010718PDaGRbGRcCTd2013-04-17iLF1l0o p38651-10r2020-06-25w2020-06-25yLFPDZNo se presta c38141d38141